LEADER 01438nam a2200253 i 4500 001 000000252644 003 CaOOAMICUS 005 20250407135036.0 008 170124s1698 gw u000 u lat u 026 $ai-is n-r- t.ni Se&J (3) 1698 (A) 040 $aSeMil$bita 100 1 $aSulger, Arsenius,$c.$0(OLS)http://semarc/name/89464 245 10$aPars secunda Complectens tria posteriora saecula. 264 1$aAugustae Vindelicorum :$bTypis Mariae Magdalenae Utzschneiderin,$c1698. 300 $a[2], 354, [18] p. ;$c4° 500 $aSegn.: pg2(-pg2) A-2Z4 3A2 500 $aIniz., fregi xilogr. 773 0 $aSulger, Arsenius, $tAnnales imperialis monasterii Zwifaltensis, ordinis s. benedicti in Sueviâ, ordine temporis et abbatum serie distincti ; atque à primâ origine ad haec usque tempora deducti ... authore R.P. Arsenio Sulger... Pars 1. [-2.].$bNunc primum post operosam recognitionem prodit in lucem.$dAugustae Vindelicorum : Typis Mariae Magdalenae Utzschneiderin, 1698.$g2$w()5395 850 $aSeMil 852 $aSeMil$W1$xVenegono$y1$m3P VII 6 FA$j202990$B202990$CSeMilBibl$Z2$F215711 $8I 961 $aRecupero: Mantegazza 996 $6245$aPars secunda Complectens tria posteriora saecula$9(OLS)http://semarc/title/410094 996 $6264$aAugustae Vindelicorum :$bTypis Mariae Magdalenae Utzschneiderin$9(OLS)http://semarc/publisher/55739 LEADER 01028nam a2200217 i 4500 001 000000070295 003 CaOOAMICUS 005 20080813000000.0 008 080813s1960 it u000 u lat u 013 $a41467 040 $aSeMil$bita 100 1 $aSoccorsi, Filippo,$c.$0(OLS)http://semarc/name/35019 245 10$aQuestiones scientificae cum philosophia coniunctae :$bDe geometriis et spatiis non euclideis /$cPhilippus Soccorsi. 260 $aRomae :$bUniversitatis Gregorianae,$c1960. 300 $aXI, 296 p. :$bill. ;$c22 cm. 500 $aIn testa al front.: Pontificia Universitas Gregoriana. 650 4$aGeometria non euclidea.$0(OLS)http://semarc/subject/14015 850 $aSeMil 852 $aSeMil$W1$xVenegono$y1$m2P II 204$j36448$B36448$CSeMilBibl$Z2$F36451 $81 996 $6245$aQuestiones scientificae cum philosophia coniunctae :$bDe geometriis et spatiis non euclideis$9(OLS)http://semarc/title/112786 996 $6260$aRomae :$bUniversitatis Gregorianae$9(OLS)http://semarc/publisher/33925